000 00882nam a22002897a 4500
001 5538
003 FISKH
005 20241217110508.0
008 241217b cb ||||| |||| 00| 0 eng d
020 _a9780531162200
040 _aFISKH
_beng
_cFISKH
_dFISKH
050 _aGB848.T78
082 _a551.48
100 _aTrueit, Trudi Strain
245 _aThe water cycle /
_cby Trudi Strain Trueit
260 _aNew York :
_bFranklin Watts ;
_c2002.
300 _a63 pages :
_bcolor illistrations ;
_c24 cm .
490 _a Watts Library
505 _aS
520 _aWater molecules journey from the ground into the atmosphere and back down again.
521 8 _a790
_bLexile estimate
521 8 _aS
_bRaz-Plus
650 _aHydrologic cycle
_vJuvenile literature
650 _aWater supply
_vJuvenile literature
942 _2ddc
_cBK
_n0
999 _c5538
_d5538